00413nam a2200121Ia 45000010005000000080041000050820023000461000099000692450048001682600033002169010027002499990015002763145241024s9999 xx 000 0 und d aRD/370/R426co/2012 aRepública Dominicana. Ministerio de Educación. Dirección General de Bienestar Esudiantil 0aCongreso Nacional de Cooperativas Escolares bSan Pedro de Macorísc2012 a2/9/2013 10:13:52 a.m. c8940d8940